000 00267nam a2200109Ia 4500
008 190216s9999||||xx |||||||||||||| ||und||
100 _aKrishan Pillai N
245 0 _aAnurenjanam
260 _bSahithya Pravarthaka Sahakarana Sangam
650 _aNadakam
942 _cBK
999 _c25513
_d25513